000 01041aam a2200301 i 4500
001 768714001
003 CO-MdFUSB
005 20241015170747.0
007 ta
008 211202t1987 ck |||| |||| 00| 0 spa d
020 _a[No incluye ISBN]
040 _bspa.
_aCO-MdFUSB
_cCO-MdFUSB
_dCO-MdFUSBC
_erda
041 _aspa
082 0 4 _a270.6
_223
_bD686i
100 1 _aDonner, Theodorus Gerardus (Theo G.)
_eautor
245 1 0 _aUna introducción a la historia y teología de la reforma
_c/ Theo G. Donner
264 0 _aMedellín, Colombia :
_bFundación Universitaria Seminario Bíblico de Colombia,
_c1987
300 _a231 páginas
_c; 22 cm
336 _atexto
_btxt
_2rdacontent
337 _2rdamedia
_asin mediación
_bn
338 _2rdacarrier
_avolumen
_bnc
505 _aAntecedentes de la Reforma - Martín Lutero - Zwinglio y los radicales - Juan Calvino - El trasfondo - Soli Deo Gloria
563 _aPasta dura
650 0 _aPrerreforma
_9945
650 7 _aSociología cristiana
_9405
942 _cBK
945 _aJTF-925
999 _c39494
_d39494